000 00759nam a2200217Ii 4500
003 JO-AjNU
008 230605s9999||||xx |||||||||||||| ||und||
017 _a2004/6/1489
040 _aJO-AjNU
_bara
_erda
_cJO-AjNU
041 _aara
050 1 4 _aBF76.I8264.2004
100 3 _aالعيسوي،عبد الرحمن,
_eauthor
_921704
245 0 0 _aعلم النفس المهني والصناعي
250 _aط1
264 3 1 _aعمان:دار اسامة للنشر والتوزيع ،2004
300 _a200ص
336 _atext
_btxt
_2rdacontent
337 _aunmediated
_bn
_2rdamedia
338 _avolume
_bnc
_2rdacarrier
650 4 _aالتربية-التدريب المهني-علم النفس التربوي-علم النفس الصناعي
_921705
999 _aA7585
_c11153
_d11153